<?xml version="1.0" encoding="UTF-8"?><?xml-stylesheet type="text/xsl" href="static/style.xsl"?><OAI-PMH xmlns="http://www.openarchives.org/OAI/2.0/" xmlns:xsi="http://www.w3.org/2001/XMLSchema-instance" xsi:schemaLocation="http://www.openarchives.org/OAI/2.0/ http://www.openarchives.org/OAI/2.0/OAI-PMH.xsd"><responseDate>2026-04-13T05:57:19Z</responseDate><request verb="GetRecord" identifier="oai:www.recercat.cat:2072/467462" metadataPrefix="marc">https://recercat.cat/oai/request</request><GetRecord><record><header><identifier>oai:recercat.cat:2072/467462</identifier><datestamp>2026-03-28T08:33:42Z</datestamp><setSpec>com_2072_98</setSpec><setSpec>col_2072_378192</setSpec></header><metadata><record xmlns="http://www.loc.gov/MARC21/slim" xmlns:dcterms="http://purl.org/dc/terms/" xmlns:xsi="http://www.w3.org/2001/XMLSchema-instance" xmlns:doc="http://www.lyncode.com/xoai" xsi:schemaLocation="http://www.loc.gov/MARC21/slim http://www.loc.gov/standards/marcxml/schema/MARC21slim.xsd">
   <leader>00925njm 22002777a 4500</leader>
   <datafield ind2=" " ind1=" " tag="042">
      <subfield code="a">dc</subfield>
   </datafield>
   <datafield ind2=" " ind1=" " tag="720">
      <subfield code="a">Figueres, Josep M.</subfield>
      <subfield code="e">author</subfield>
   </datafield>
   <datafield ind2=" " ind1=" " tag="260">
      <subfield code="c">2020</subfield>
   </datafield>
   <datafield ind2=" " ind1=" " tag="520">
      <subfield code="a">Treball, l'influent diari del PSUC durant la Guerra Civil, va passar durant la postguerra a ser una atrevida publicació clandestina fins arribar a la Transició quan, tot i l'enorme prestigi assolit com a capçalera revolucionària, va esdevenir portaveu d'un partit que va anar perdent pes electoral i, a poc a poc, va entrar en un procés de pèrdua d'aquella enorme influència pretèrita. Emmarcada dins el conjunt de les duescentes publicacions comunistes, Treball fou la de més impacte dins el seu àmbit, al costat d'altres com Nous Horitzons o Lluita.</subfield>
   </datafield>
   <datafield ind2="0" ind1="0" tag="245">
      <subfield code="a">La lluita continua : Treball, l'històric òrgan del PSUC, ha viscut la Guerra Civil, la clandestinitat i els vaivens de la democràcia</subfield>
   </datafield>
</record></metadata></record></GetRecord></OAI-PMH>